| 000 | 00619nam a2200205 i 4500 | ||
|---|---|---|---|
| 001 | bg | ||
| 100 | 1 | _aHELLWIG, Zdzisław | |
| 245 | 1 | 0 |
_aElementy rachunku prawdopodobieństwa i statystyki matematycznej / _cZdzisław Hellwig. |
| 260 |
_aWarszawa : _bPańst. Wydaw. Naukowe, _c1965. |
||
| 300 |
_a312 s. : _bwykr. ; _c24 cm. |
||
| 504 | _aBibliogr. s. 227. - Indeks. | ||
| 650 | 9 | _aRachunek prawdopodobieństwa | |
| 650 | 9 | _aStatystyka matematyczna | |
| 655 | _aPodręczniki akademickie | ||
| 040 | _cBPK | ||
| 041 | 0 | _apl | |
| 080 | _a519.2(075.8) | ||
| 942 | _cKS | ||
| 008 | s pl f |000 0 pol | ||
| 999 |
_c35869 _d35869 |
||
| 856 |
_uhttp://koha.tu.koszalin.pl/cgi-bin/koha/opac-detail.pl?biblionumber=35869 _yKatalog online BPK |
||